00376nam a2200133Ia 4500008004100000020001500041041001200056082001600068100001600084245009300100260002500193300000800218650001600226221030s9999 xx 000 0 und d a8120310535 aEnglish a105.23bCom aD. E. Comer 0aInternetworking with TCP/IP Vol. IbPrinciples, Protocols, & architeturecby D. E. Comer bPHIaNew Delhic1999 a613 aBE Computer